| 000 | 00408nam a22001457a 4500 | ||
|---|---|---|---|
| 020 | _a9789386858122 | ||
| 040 | _cNUST | ||
| 082 |
_a620.106 _bPOT |
||
| 100 |
_aPotter, MErle C. _93288 |
||
| 245 |
_aMechanics Of Fluids \ _bMerle C. Potter, David C. Wiggert & Bassem H. Ramadan |
||
| 250 | _a5th Ed. | ||
| 260 |
_aIndia, _bCengage, _c2017. |
||
| 300 |
_axix, 793p .; _bPaperback, _c28 cm. |
||
| 942 |
_2ddc _cBK |
||
| 999 |
_c586102 _d586102 |
||